000 00367cam a2200157ua 4500
001 8957
008 120105n1995 II |||gr||||Z||||||eng
040 _aMAIN
041 _aEnglish
082 _a580 SAH
100 _aSAHA, T. K.
245 _aBIOSTATISTICS IN THEORY & PRACTICE
260 _aDELHI
_bEMKAY PUBLICATION
_c1995
653 _aPlants (Botany)
942 _cBK
999 _c8933
_d8933